000 00316nam a22001337a 4500
008 170606b xxu||||| |||| 00| 0 eng d
020 _a0155022210
041 _aeng
080 _a94(7/8)
100 _a18
101 _aSHH
245 _aAMERICA IN THE TWENTIETH CENTURY A HISTORY
_cPATTERSON,J.T
942 _2udc
_cBK
999 _c16147
_d16147